000 00787cab a2200241 4500
001 WB3321-22
008 090401t1997 xxu||||| |||| 00| 0 eng d
035 _a(Sirsi) u78577
041 _aeng
245 _aDeterrents for house hunters
260 _c1997
350 _a0
490 _aFinancial Times
_v26 May 1997, 8
490 _aGuardian
_v26 May 1997, 18(2)
520 _aA survey by Natwest Mortgage Services shows that homebuyers are put off by bad interior decor, stone-cladding, garden gnomes and litter-strewn lawns. Noisy surroundings and nosy neighbours are also unpopular.
650 _aHOMEBUYERS
650 _aHOUSING MARKET
650 _aNATWEST MORTGAGE SERVICES
650 _aPREFERENCES
690 _aHOUSING MARKET
942 _n0
948 _c28/05/1997
999 _c49418
_d49418